That's not fair, hare! / (Record no. 5189)

MARC details
000 -LEADER
fixed length control field 00984nam a22003017a 4500
001 - CONTROL NUMBER
control field 5189
003 - CONTROL NUMBER IDENTIFIER
control field FISKH
005 - DATE AND TIME OF LATEST TRANSACTION
control field 20250805100231.0
008 - FIXED-LENGTH DATA ELEMENTS--GENERAL INFORMATION
fixed length control field 241118b cb ||||| |||| 00| 0 eng d
020 ## - INTERNATIONAL STANDARD BOOK NUMBER
International Standard Book Number 0439418879
040 ## - CATALOGING SOURCE
Original cataloging agency FISKH
Language of cataloging eng
Transcribing agency FISKH
Modifying agency FISKH
050 ## - LIBRARY OF CONGRESS CALL NUMBER
Classification number PZ7.S98325
082 ## - DEWEY DECIMAL CLASSIFICATION NUMBER
Classification number 398.24
100 ## - MAIN ENTRY--PERSONAL NAME
Personal name Sykes, Julie
Dates associated with a name (1963-)
245 ## - TITLE STATEMENT
Title That's not fair, hare! /
Statement of responsibility, etc. Julie Sykes Illustrated by Tim Warnes
250 ## - EDITION STATEMENT
Edition statement First printing in 2002
260 ## - PUBLICATION, DISTRIBUTION, ETC.
Place of publication, distribution, etc. New York :
Name of publisher, distributor, etc. Scholastic,
Date of publication, distribution, etc. 2002.
300 ## - PHYSICAL DESCRIPTION
Extent 26 pages :
Other physical details Color illustrations ;
Dimensions 23 cm
505 ## - FORMATTED CONTENTS NOTE
Formatted contents note N<br/>
520 ## - SUMMARY, ETC.
Summary, etc. A greedy hare insists on eating more than his share of the cabbages and proposes a race to decide who should have them all, while Muggs the turtle only wants what is fair.
521 8# - TARGET AUDIENCE NOTE
Target audience note 590L<br/>
Source Lexile<br/>
521 8# - TARGET AUDIENCE NOTE
Target audience note N<br/>
Source Raz-Plus<br/>
650 ## - SUBJECT ADDED ENTRY--TOPICAL TERM
Source of heading or term Animals
Topical term or geographic name entry element Cheating
650 ## - SUBJECT ADDED ENTRY--TOPICAL TERM
Source of heading or term Picture book
Topical term or geographic name entry element Fiction
700 ## - ADDED ENTRY--PERSONAL NAME
Personal name Warnes, Tim
Dates associated with a name Illustrator
942 ## - ADDED ENTRY ELEMENTS (KOHA)
Source of classification or shelving scheme Dewey Decimal Classification
Koha item type Books
Suppress in OPAC No
Holdings
Withdrawn status Lost status Source of classification or shelving scheme Damaged status Not for loan Collection Home library Current library Shelving location Date acquired Total Checkouts Full call number Barcode Date last seen Copy number Price effective from Koha item type
    Dewey Decimal Classification     Juvenile Fiction Footprints International School Library Network Toul Kork Campus Footprints International School Library Network Toul Kork Campus TK Primary Library Room(4th Floor), Bookcase 3&4, Shelves 17-32, Yellow Books 11/18/2024   SYK 398.24 PZ7.S98325 2024-2320 11/18/2024 1 11/18/2024 Books
    Dewey Decimal Classification     Juvenile Fiction Footprints International School Library Network Toul Tom Poung Campus Footprints International School Library Network Toul Tom Poung Campus TTP Primary Yellow Bookshelves 08/05/2025   SYK 398.24 PZ7.S98325 FISBK00966 08/05/2025 2 08/05/2025 Books